Pencukaian : Prinsip dan amalan di Malaysia

Bibliographic Details
Main Author: Barjoyai Bardai (Author)
Format: Book
Language:Malay
Published: Kuala Lumpur : Dewan Bahasa dan Pustaka 1987
Subjects:

MARC

LEADER 00000cam a2200000 7i4500
001 0000001236
005 20240924.0
008 991125 my a may
040 |a INS   |b eng   |e rda 
090 0 0 |a HJ2950.6   |b .B223 1987 
100 0 |a Barjoyai Bardai ,   |e author 
245 1 0 |a Pencukaian :   |b Prinsip dan amalan di Malaysia   |c oleh Barjoyai Bardai 
264 1 |a Kuala Lumpur :   |b Dewan Bahasa dan Pustaka   |c 1987 
300 |a xviii, 654 pages :   |b illustrations ;   |c 24 cm. 
336 |a text  |2 rdacontent 
337 |a unmediated  |2 rdamedia 
338 |a volume  |2 rdacarrier 
500 |a Includes index 
650 0 |a Taxation   |z Malaysia 
999 |a 0000003266   |b BOOK   |c Open Shelf   |e Default branch 
999 |a 0000022050   |b BOOK   |c Open Shelf   |e Default branch